000
00253nam a2200109Ia 4500
008
190802s9999 xx 000 0 und d
100
_a
Jawaid Ahmed Ghamadi
245
0
_a
Burhan
260
_a
Lahore
_b
Dar-ul-Ashraaq
_c
2002
300
_a
284:p
942
_c
BK
999
_c
2476
_d
2476